Statistiques concernant Droit de vote des femmes

Cliquez ici pour prendre le quiz!

Statistiques générales

  • Ce quiz a été pris 79 fois
  • Le résultat moyen est 20 sur 24

Statistiques - réponses

Nom du paysAnnée d'obtention sans condition d'accès% Correct
Bulgarie1944
97%
France1944
97%
Italie1945
88%
Albanie1920
86%
Irlande1922
86%
Belgique1948
86%
Norvège1913
84%
Roumanie1923
84%
Grèce1952
84%
Finlande1906
82%
Danemark1915
82%
Islande1915
82%
Allemagne1918
82%
Autriche1918
82%
Hongrie1918
82%
Royaume Uni1928
82%
Monaco1962
82%
Suisse1971
82%
Russie1917
81%
Luxembourg1919
80%
Pays-Bas1919
80%
Portugal1974
78%
Espagne1975
77%
Liechtenstein1984
73%

Distribution des résultats

Percentile par nombre de réponses

% des personnes avec chaque résultat

Votre développement - résultats

Vous n’avez pas pris ce quiz